| 000 | 01047nam a22003137a 4500 | ||
|---|---|---|---|
| 001 | 8476 | ||
| 003 | FISKH | ||
| 005 | 20250915121824.0 | ||
| 008 | 250915b cb ||||| |||| 00| 0 eng d | ||
| 020 | _a9780789429612 | ||
| 040 |
_aFISKH _beng _cFISKH _dFISKH |
||
| 050 | _aTL789.U6 A667 | ||
| 082 | _a629.45 | ||
| 100 | _aWilkinson, Philip | ||
| 245 |
_aSpacebusters : _bThe race to the moon / _cBy Philip Wilkinson |
||
| 250 | _aFirst American Edition, 1998 | ||
| 260 |
_aNew York : _bDK Publishing, INc., _c1998. |
||
| 300 |
_a48 pages : _bcolor illustrations ; _c23 cm . |
||
| 490 |
_aEyewitness Readers _vLevel 3 Grade 2 and 3 |
||
| 505 | _aQ | ||
| 520 | _aDescribes the voyage of Apollo 11, its three astronauts, and details of the mission that put the first man on the moon in 1969. | ||
| 521 | 8 |
_a670
_bLexile |
|
| 521 | 8 |
_aQ
_bRaz-Plus |
|
| 650 |
_a Space flight to the moon _vNon-fiction |
||
| 650 |
_aSpace exploration _vNon-fiction |
||
| 700 | _aDennis, Peter | ||
| 942 |
_2ddc _cBK _n0 |
||
| 999 |
_c8476 _d8476 |
||